00393nam a2200157Ia 45000010006000000050017000060080041000230410008000640820016000721000028000882450066001162600009001823000028001916500008002196540008002271731820260306171509.0260306s9999||||xx |||||||||||||| ||und|| aESP a657.61bR92 aRueda Peves, JustoeAUT 0aManual práctico del nuevo plan contable general empresarial c2019 a560 páginas :c20 cm. aGEN aCCO